01315cam a22003375a 450000100090000000300040000900500170001300800410003001000170007102000220008802000250011003500230013504000420015804200140020005000240021408200180023810000190025624500620027526000360033730000200037350001480039350000300054152001640057154100060073556200560074165000300079770000200082771000620084773000360090974000320094516940898OSt20140310182007.0110830s1991 nyu j 000 1 eng d a 2011489093 a0440405963 (pbk.) a9780440405962 (pbk.) a(OCoLC)ocm24789419 aCOQcCOQdOCLdOCLCQdBTCTAdLPUdDLC alccopycat aPS 3576b.W932 1991 aKFbW89f 19911 aWorth, Bonnie.10aFull house :bway to go, chipmunk cheeks /cBonnie Worth. aNew York, N.Y. :bDell,cc1991. a92 p. ;c20 cm. a"Based on the series Full house created by Jeff Franklin, and on episodes written by Jeff Franklin, Martie Cook, Marc Warren & Dennis Rinsler." a"A Parachute Press book." aD.J. has three weeks to become skinny as a model, Stephanie gets stuck taking Joey to a mother/daughter slumber party, and Michelle takes on a new personality. j1 eFor circulation. 1 copy available in the collection 0aFamilyvJuvenile fiction.1 aFranklin, Jeff.2 aCopyright Paperback Collection (Library of Congress)5DLC0 aFull house (Television program)0 aWay to go, chipmunk cheeks.